To Authorize and Permit Admiral William V. Pratt, Vice Admiral Arthur L. Willard, To Accept Diplomas of the Legion of Honor Tendered Them by the French Government (H.R. 6523). Mr. Gambrill.

Bibliographic Details
Corporate Authors: United States. Congress. House. Committee on Naval Affairs, ProQuest (Firm)
Format: eBook
Language:English
Published: [Place of publication not identified] : [publisher not identified], 1931-1932.
Series:U.S. Congressional Research.
Subjects:
Online Access:Connect to the full text of this electronic book

MARC

Tag First Indicator Second Indicator Subfields
LEADER 00000cam a22000001a 4500
001 in00003301039
006 m d f
007 cr bn mmmapmmp
008 100505m19311932dcu o f000 0 eng d
005 20260430225216.0
035 |a cis2007826586 
040 |a LexisNexis  |c LexisNexis  |d UtOrBLW 
043 |a n-us--- 
099 |a CMP-1931-NAH-0134 
110 1 |a United States.  |b Congress.  |b House.  |b Committee on Naval Affairs. 
245 1 0 |a To Authorize and Permit Admiral William V. Pratt, Vice Admiral Arthur L. Willard, To Accept Diplomas of the Legion of Honor Tendered Them by the French Government (H.R. 6523). Mr. Gambrill. 
264 1 |a [Place of publication not identified] :  |b [publisher not identified],  |c 1931-1932. 
300 |a 1 online resource. 
336 |a text  |b txt  |2 rdacontent 
337 |a computer  |b c  |2 rdamedia 
338 |a online resource  |b cr  |2 rdacarrier 
500 |a Record is based on bibliographic data in LexisNexis U.S. Congressional Research Digital Collection (last viewed May 2010). Reuse except for individual research requires license from LexisNexis. 
500 |a Print. 
500 |a Electronic resource. 
650 0 |a Military decorations. 
650 0 |a Soldiers. 
651 0 |a France. 
655 7 |a Electronic books.  |2 local 
710 2 |a ProQuest (Firm) 
776 0 8 |i Microfiche version:   |a United States. Congress. House. Committee on Naval Affairs.  |t To Authorize and Permit Admiral William V. Pratt, Vice Admiral Arthur L. Willard, To Accept Diplomas of the Legion of Honor Tendered Them by the French Government (H.R. 6523). Mr. Gambrill.  |o H633-0.24 
830 0 |a U.S. Congressional Research. 
856 4 0 |u http://proxy.library.tamu.edu/login?url=https://congressional.proquest.com/congcomp/getdoc?CRDC-ID=CMP-1931-NAH-0134  |z Connect to the full text of this electronic book  |t 0 
999 |a MARS 
999 f f |s 5a43ab58-d000-3c3e-8631-c614e6b760c1  |i d6e38870-dd66-3fe2-8de8-ea60550b7393  |t 0 
952 f f |a Texas A&M University  |b College Station  |c Electronic Resources  |s www_evans  |d Available Online  |t 0  |e CMP-1931-NAH-0134  |h Other scheme 
998 f f |a CMP-1931-NAH-0134  |t 0  |l Available Online